[Event "AUTO-OPEN-2009"]
[Site "http://www.queenalice.com/game.php?id=789743"]
[Date "2010.6.14"]
[Round "1"]
[White "sasquatico"]
[Black "Jessica_Biel"]
[Result "1-0"]
[WhiteElo "1748"]
[BlackElo "1641"]

1. e4 e6 2. d4 d5 3. e5 c5 4. dxc5 Bxc5 5. Bb5+ Nc6 6. Nf3 Qb6 7. Bxc6+ bxc6 8.
O-O Ba6 9. Be3 Bxe3 10. fxe3 Bxf1 11. Qxf1 Qxe3+ 12. Kh1 Nh6 13. Nc3 Ng4 14. Nd1
Qf4 15. Nc3 d4 16. Ne2 Qe3 17. Nexd4 Nf2+ 18. Kg1 Ne4+ 19. Kh1 Qh6 20. Qe1 Rd8
21. Qxe4 O-O 22. Nxc6 Rd7 23. Re1 Re8 24. Qa4 g5 25. Nxa7 Red8 26. Nc6 Rc8 27.
Qa6 Rf8 28. Qb5 g4 29. Ng1 g3 30. h3 Rd2 31. Nf3 Rxc2 32. Ne7+ 1-0

[Event "Challenge"]
[Site "http://www.queenalice.com/game.php?id=789796"]
[Date "2010.6.14"]
[Round "-"]
[White "MRSANTIAGO"]
[Black "Jessica_Biel"]
[Result "1-0"]
[WhiteElo "1064"]
[BlackElo "1457"]

1. e4 e6 2. Qf3 d5 3. exd5 exd5 4. Nc3 Nf6 5. b3 c6 6. Na4 Bg4 7. Qe3+ Be7 8. f3
Bf5 9. g4 Be6 10. Bb2 O-O 11. g5 Nfd7 12. Qc3 f6 13. Bd3 Ne5 14. h4 Nxd3+ 15.
Qxd3 Nd7 16. O-O-O Ne5 17. Bxe5 fxe5 18. g6 h6 19. Nc3 Bf5 20. Qe3 d4 21. Qxe5
dxc3 22. Ne2 cxd2+ 23. Rxd2 Ba3+ 24. Kb1 Qxd2 25. Nf4 1-0

[Event "Challenge"]
[Site "http://www.queenalice.com/game.php?id=790050"]
[Date "2010.6.15"]
[Round "-"]
[White "Ripol3"]
[Black "Jessica_Biel"]
[Result "1-0"]
[WhiteElo "1134"]
[BlackElo "1383"]

1. e4 e6 2. Nf3 d5 3. e5 c5 4. Bb5+ Nc6 5. Nc3 Bd7 6. a4 a6 7. Bxc6 bxc6 8. d4
cxd4 9. Nxd4 c5 10. Nb3 d4 11. Ne4 Bc6 12. Nbxc5 Bxc5 13. Nxc5 Qa5+ 14. Bd2 Qxc5
15. Bf4 Ne7 16. O-O O-O 17. Qd3 Rfd8 18. a5 Bb5 19. Qg3 Bxf1 20. Rxf1 Rac8 21.
Bh6 Ng6 22. h4 Qxe5 23. Qxe5 Nxe5 24. Bf4 Ng6 25. Bg3 Rxc2 26. b4 d3 27. f4 d2
28. h5 1-0

[Event "AUTO-OPEN-2010"]
[Site "http://www.queenalice.com/game.php?id=790079"]
[Date "2010.6.15"]
[Round "1"]
[White "xerxe"]
[Black "Jessica_Biel"]
[Result "1-0"]
[WhiteElo "1818"]
[BlackElo "1601"]

1. e4 e6 2. d4 d5 3. Nc3 Nf6 4. Bg5 Bb4 5. Bd3 c5 6. Nf3 Nc6 7. dxc5 Bxc5 8. e5
h6 9. Bh4 g5 10. Bxg5 hxg5 11. exf6 Qxf6 12. Qe2 Bd7 13. Nxd5 Qd8 14. O-O-O Be7
15. Nxe7 Qxe7 16. h3 Rc8 17. Rhe1 Nb4 18. Bc4 b5 19. Bb3 a5 20. a3 1-0

[Event "AUTO-OPEN-2010"]
[Site "http://www.queenalice.com/game.php?id=790080"]
[Date "2010.6.15"]
[Round "1"]
[White "Jessica_Biel"]
[Black "xerxe"]
[Result "0-1"]
[WhiteElo "1617"]
[BlackElo "1810"]

1. e4 e5 2. Nf3 Nc6 3. d4 Nxd4 4. Nxd4 exd4 5. Qxd4 b6 6. Nc3 Bb7 7. Bc4 Qf6 8.
Be3 O-O-O 9. O-O-O Bc5 10. Qxf6 Bxe3+ 11. fxe3 Nxf6 12. Bd5 Rhe8 13. Rhe1 Nxd5
14. exd5 f5 15. Nb5 a6 16. Na3 b5 17. Nb1 Re5 18. d6 Bxg2 0-1

[Event "AUTO-OPEN-2010"]
[Site "http://www.queenalice.com/game.php?id=790108"]
[Date "2010.6.15"]
[Round "1"]
[White "Vinicius92"]
[Black "Jessica_Biel"]
[Result "1-0"]
[WhiteElo "1533"]
[BlackElo "1486"]

1. Nf3 d5 2. c3 Nc6 3. e3 e5 4. Qa4 Bd7 5. Qb3 Nf6 6. e4 dxe4 7. Ng5 Qe7 8. Bc4
Be6 9. Bxe6 fxe6 10. Nxe6 b6 11. Na3 g6 12. Nb5 Rc8 13. Qc4 Qd7 14. d4 exd4 15.
cxd4 Ke7 16. Bf4 Qxe6 17. d5 Qxd5 18. b3 Qxc4 19. bxc4 Kf7 20. O-O a6 21. Nc3
Bd6 22. Bh6 Ng4 23. Bg5 Bxh2+ 24. Kh1 Be5 25. Rac1 Bxc3 26. Rxc3 Rce8 27. Rg3 h5
28. Rd1 1-0

[Event "AUTO-OPEN-2017"]
[Site "http://www.queenalice.com/game.php?id=793484"]
[Date "2010.6.22"]
[Round "1"]
[White "TheBigSid"]
[Black "Jessica_Biel"]
[Result "1-0"]
[WhiteElo "2146"]
[BlackElo "1672"]

1. d4 e6 2. c4 d5 3. Nc3 Bb4 4. Nf3 Nf6 5. e3 O-O 6. Bd3 dxc4 7. Bxc4 Nc6 8. O-O
Bd7 9. Qc2 Re8 10. a3 Be7 11. e4 h6 12. Be3 Rc8 13. Rfd1 Nh7 14. Rac1 Ng5 15.
Nxg5 Bxg5 16. f4 Be7 17. Qf2 a6 18. d5 exd5 19. Nxd5 b5 20. Ba2 Bf8 21. e5 Ne7
22. Nc3 c6 23. Bb6 1-0

[Event "AUTO-OPEN-2017"]
[Site "http://www.queenalice.com/game.php?id=793485"]
[Date "2010.6.22"]
[Round "1"]
[White "Jessica_Biel"]
[Black "TheBigSid"]
[Result "0-1"]
[WhiteElo "1672"]
[BlackElo "2147"]

1. e4 e6 2. d4 d5 3. Nc3 Nf6 4. exd5 exd5 5. Nf3 Bd6 6. Bd3 O-O 7. Bg5 Bg4 8.
O-O c6 9. Re1 Nbd7 10. h3 Bh5 11. Be2 Re8 12. Qd2 Qb6 13. Rab1 Bg6 14. a3 Ne4
15. Nxe4 Bxe4 16. b4 Qc7 17. Rbd1 Nf8 18. c3 f6 19. Be3 Ne6 20. Qc1 Nf4 21. Bxf4
Bxf4 22. Qb2 Re7 23. Bd3 Bxf3 24. gxf3 Rae8 0-1

[Event "AUTO-OPEN-2017"]
[Site "http://www.queenalice.com/game.php?id=793512"]
[Date "2010.6.22"]
[Round "1"]
[White "Clovisto"]
[Black "Jessica_Biel"]
[Result "1-0"]
[WhiteElo "1828"]
[BlackElo "1458"]

1. e4 e6 2. d4 d5 3. e5 c5 4. Nf3 Nc6 5. Bb5 Qa5+ 6. Nc3 cxd4 7. Nxd4 Bd7 8.
Nxc6 Bxc6 9. Bxc6+ bxc6 10. Bd2 Ne7 11. Ne4 Qb5 12. Nd6+ Kd7 13. Nxb5 cxb5 14.
Bb4 Nc6 15. Bc3 b4 16. Bd4 Be7 17. c3 Rab8 18. Qa4 bxc3 19. bxc3 Rb7 20. O-O
Rhb8 21. f4 Bd8 22. f5 exf5 23. Rxf5 1-0

[Event "AUTO-OPEN-2017"]
[Site "http://www.queenalice.com/game.php?id=793513"]
[Date "2010.6.22"]
[Round "1"]
[White "Jessica_Biel"]
[Black "Clovisto"]
[Result "0-1"]
[WhiteElo "1385"]
[BlackElo "1851"]

1. e4 e6 2. d4 Nf6 3. Nc3 Bb4 4. Bg5 h6 5. Bxf6 Qxf6 6. Nf3 b6 7. Bd3 Bb7 8. O-O
g5 9. Re1 Nc6 10. a3 Bxc3 11. bxc3 g4 12. Nd2 h5 13. e5 Qg5 14. Ne4 Qh4 15. Nf6+
Ke7 16. Qd2 d6 17. g3 Qxf6 18. exf6+ Kxf6 19. Qf4+ Ke7 20. d5 Ne5 21. dxe6 fxe6
22. Qg5+ Kd7 23. Rad1 Nf3+ 0-1

[Event "AUTO-OPEN-2017"]
[Site "http://www.queenalice.com/game.php?id=793530"]
[Date "2010.6.22"]
[Round "1"]
[White "Ditto"]
[Black "Jessica_Biel"]
[Result "1-0"]
[WhiteElo "1744"]
[BlackElo "1355"]

1. d4 e6 2. c4 d5 3. c5 a5 4. Nc3 b6 5. Bf4 bxc5 6. e3 cxd4 7. exd4 Bb4 8. Nf3
Nf6 9. Bb5+ Bd7 10. Ne5 Bxb5 11. Bd2 Bxc3 12. Bxc3 c6 13. Nd3 Ne4 14. Ne5 Nxc3
15. bxc3 Nd7 16. Qg4 1-0

[Event "AUTO-OPEN-2017"]
[Site "http://www.queenalice.com/game.php?id=793531"]
[Date "2010.6.22"]
[Round "1"]
[White "Jessica_Biel"]
[Black "Ditto"]
[Result "0-1"]
[WhiteElo "1357"]
[BlackElo "1742"]

1. e4 e5 2. Nf3 Nc6 3. d4 exd4 4. Nxd4 Bc5 5. Nxc6 bxc6 6. Bc4 d6 7. O-O Nf6 8.
Nc3 Bg4 9. Be2 Qd7 10. Re1 O-O 11. Bg5 Bxe2 12. Qxe2 Ng4 13. Bh4 Qe6 14. h3 Ne5
15. a3 Rab8 0-1

[Event "AUTO-INT-1742"]
[Site "http://www.queenalice.com/game.php?id=796677"]
[Date "2010.6.29"]
[Round "1"]
[White "Tenista"]
[Black "Jessica_Biel"]
[Result "1-0"]
[WhiteElo "1644"]
[BlackElo "1733"]

1. e4 e6 2. Nf3 d5 3. e5 c5 4. Bb5+ Nc6 5. Bxc6+ bxc6 6. O-O Nh6 7. d3 Nf5 8.
Bg5 Be7 9. a3 Bxg5 10. Nxg5 Qxg5 11. b4 cxb4 12. axb4 Bb7 13. c4 dxc4 14. dxc4
1-0

[Event "AUTO-INT-1742"]
[Site "http://www.queenalice.com/game.php?id=796678"]
[Date "2010.6.29"]
[Round "1"]
[White "Jessica_Biel"]
[Black "Tenista"]
[Result "0-1"]
[WhiteElo "1819"]
[BlackElo "1620"]

1. e4 e6 2. d4 Nc6 3. Nf3 Bb4+ 4. c3 Ba5 5. Bf4 Nf6 6. Bd3 O-O 7. O-O d6 8. Nbd2
Re8 9. Re1 a6 10. e5 Nd5 11. Bg5 Qd7 12. exd6 cxd6 0-1

[Event "AUTO-INT-1742"]
[Site "http://www.queenalice.com/game.php?id=796695"]
[Date "2010.6.29"]
[Round "1"]
[White "Jessica_Biel"]
[Black "agjjr"]
[Result "0-1"]
[WhiteElo "1462"]
[BlackElo "1768"]

1. e4 c5 2. Nf3 Nc6 3. d4 cxd4 4. Nxd4 e5 5. Nxc6 bxc6 6. Nc3 Nf6 7. Bc4 Bb7 8.
h3 Bb4 9. Qe2 Bxc3+ 10. bxc3 d5 11. exd5 cxd5 12. Qxe5+ Qe7 13. Bb5+ Kd8 14.
Qxe7+ Kxe7 15. O-O Rhc8 16. Ba3+ Kd8 17. Bb4 Ne4 0-1

[Event "AUTO-INT-1742"]
[Site "http://www.queenalice.com/game.php?id=796696"]
[Date "2010.6.29"]
[Round "1"]
[White "agjjr"]
[Black "Jessica_Biel"]
[Result "1-0"]
[WhiteElo "1764"]
[BlackElo "1468"]

1. e4 e6 2. d4 d5 3. exd5 exd5 4. Nf3 Nf6 5. Nc3 Bg4 6. Be2 c6 7. Ne5 Bxe2 8.
Qxe2 Be7 9. O-O O-O 10. Re1 Bd6 11. Bg5 Nbd7 12. Rad1 Re8 13. Bxf6 Nxf6 14. f4
Nd7 15. Qh5 Re7 16. Ne2 Nf6 17. Qh4 1-0